000 00577nam a22002297a 4500
003 UA-OsUOA
001 66384
007 ta
008 20091228b un ||||| |||| 00| 0 ukr d
100 _aСидоренко Г.К.
090 _a82.09(477)
_bС34
942 _cBK
040 _aUA-OsUOA
_bukr
_cUA-OsUOA
_dUA-OsUOA
245 _aРитміка Шевченка
300 _a182 с.
955 _a2
041 _aukr
080 _a82.09(477)
260 _aК.
_c1967
650 7 _a82 Література. Літературознавство
_2UDC
999 _c352193
_d352193